00880nam a2200253Ia 450000500170000000800410001702000150005810000290007324500410010225000190014330000270016265000360018965000400022565000390026594200120030426400340031633600270035033700330037733800280041004000350043808400110047399900150048495201270049920220317000551.0160601s2003 sp g 000 0 spa  a84322117531 aBolaño, Robertod1953-13aLa pista de hielo cRoberto Bolaño a1a. edición  a188 páginas c21 cm 142LEMBaNovela chilena ySiglo XX142LEMBaLiteratura chilena ySiglo XX142LEMBaCrímenes en la literatura  2loccBK aBarcelona bSeix Barralc2003 atextobtxt2rdacontent asin mediaciónbn2rdamedia avolumenbnc2rdacarrier aCO-BoRNBPbspaerdacCO-BoRNBP aN BOL2 c4417d4417 00102lcc40708GENaMEPCONCObMEPCONCOcGENd2026-03-18l0oN BOL2pPCON02659r2026-03-18 15:16:23tEj.1w2026-03-18yBK